2021 F1 Grid - Statistics

General Stats
  • This quiz has been taken 29 times
  • The average score is 16 of 20
Answer Stats
Team Nation Driver % Correct
Red Bull NL Verstappen
95%
Alpine ES Alonso
91%
Mercedes FL Bottas
91%
Mercedes GB Hamilton
91%
Ferrari MN Leclerc
91%
McLaren GB Norris
91%
Ferrari ES Sainz
91%
Alpine FR Ocon
86%
McLaren AU Ricciardo
86%
Alpha Tauri FR Gasly
82%
Red Bull MX Perez
82%
Williams GB Russell
82%
Aston Martin CA Stroll
82%
Alpha Tauri JP Tsunoda
82%
Aston Martin DE Vettel
77%
Williams CA Latifi
73%
Alfa Romeo FL Räikkönen
73%
Haas DE Schumacher
64%
Haas RU Mazepin
59%
Alfa Romeo IT Giovinazzi
55%
No matching quizzes found
Score Distribution
Percent of People with Each Score
Percentile by Number Answered
Your Score History
You have not taken this quiz